| 000 | 00394nam a2200145Ia 4500 | ||
|---|---|---|---|
| 008 | 230312s9999||||xx |||||||||||||| ||und|| | ||
| 082 |
_a004.21 _bAWA-S |
||
| 100 | _aAwad Elias M. | ||
| 245 | 0 | _aSystems Analysis and Design | |
| 260 |
_bGalgotia _aNew Delhi _c1999 |
||
| 300 | _a524 | ||
| 546 | _aEng. | ||
| 650 |
_aEngineering _vSystems Concepts and Information systems environment |
||
| 942 | _cBK | ||
| 999 |
_c3456 _d3456 |
||